zpět

Detail výsledku týmu

The PUB Praha 6 , Praha

Datum a čas kvízu

30 Celkem bodů Celkový počet nahraných bodů na tomto kvízu bez doplňovacích otázek.
3. Pořadí na kvízu Konečné umístění týmu na tomto kvízu.

Zaznamenané odpovědi

# Otázka Odpověď Body Výsledky
1. V neděli byl jeden rychlík Čes... D 1
2. Minulý týden se psalo o této k... Joe Biden (manželé Bidenovi) 1
3. Seriál Ordinace v růžové zahra... Petr Rychlý 1
4. Minulý týden získal jeden auto... Umí létat. 1
5. Uveďte jména vítězů mužské a ž... Rafael Nadal, Ashleigh Bartyová 1
6. Podíváme se na pět filmů, kter... Vladimír Páral 0
7. Jak už to tak většinou bývá, v... Roy Scheider 0
8. Animovaný film Hledá se Nemo s... Marlin, Dory 1
9. Jak se jmenuje komedie Radka B... Teorie tygra 1
10. Na základě knižní předlohy spi... ...a kde je najít, Grindelwaldovy zločiny 1